| 000 | 00929nam a2200241Ia 4500 | ||
|---|---|---|---|
| 001 | 18582 | ||
| 003 | GE_BSU | ||
| 008 | 181216s||||||||xx |||||||||||||| ||und|| | ||
| 020 | _a9789941135453 | ||
| 040 | _cGE_BSU | ||
| 080 | _a811.353.1 | ||
| 100 | _aTSERETHELI MIKHEIL (MIKHAKO) | ||
| 245 | _aGRAMMAIRE GEORGIENNE= ქართული გრამატიკა | ||
| 245 | _cრედ:ირაკლი ღარიბაშვილი,მანანა ბუკია.პროექტის ავტორი:ნინო პავლიაშვილი | ||
| 260 | _aთბილისი | ||
| 260 | _bივანე ჯავახიშვილის უნ-ტის გამ-ბა | ||
| 260 | _c2016 | ||
| 300 | _a87p;ill;24cm. | ||
| 653 | _aGRAMMAIRE GEORGIENNE= ქართული გრამატიკა | ||
| 653 | _agrammar | ||
| 653 | _aგრამატიკა | ||
| 942 | _cBK | ||
| 999 |
_c51591 _d51591 |
||